000 00608cam a2200217 4500
001 M1425
008 090401t1993 xxu||||| |||| 00| 0 eng d
035 _a(Sirsi) u31889
041 _aeng
050 _a333.0062
090 _aRICS 1993/40A
100 _aJonas, Christopher
245 _aSample after dinner branch speech given by RICS President Christopher Jonas during the session 1992/93.
260 _aLondon
_bRICS
_c1993
300 _a(4) leaves ; 30cm.
350 _a0
650 _aSPEECHES
710 _aRoyal Institution of Chartered Surveyors
_94900
942 _n0
948 _c04/03/1997
999 _c89642
_d89642